| 000 | 00551nam a2200181Ia 4500 | ||
|---|---|---|---|
| 003 | SGT | ||
| 020 | _a9780071262378 | ||
| 082 |
_a658.404 _bCLE |
||
| 100 | _aCleland,David I | ||
| 245 | _aProject management | ||
| 250 | _a5th Ed. | ||
| 260 |
_bTata McGraw Hill Education Private Limited _aNew Delhi _c2007 |
||
| 300 | _a523p. | ||
| 650 | _aMANAGEMENT | ||
| 653 | _aTHE EVOLUTION OF PROJECT MANAGEMENT,THE STRATEGIC CONTEXT OF PROJECTS,ORGANIZATIONAL DESIGN FOR PROJECT MANAGEMENT,PROJECT OPERATIONS | ||
| 700 | _aIreland,Lewis,R | ||
| 942 |
_2ddc _cBK |
||
| 999 |
_c5421 _d5421 |
||